000 00458nam a22001577a 4500
022 _a15142469
080 _a340.12 R 327
245 _aRevista de Filosofía Jurídica y Social
260 _aRosario
_bCentro de Investigaciones de Filosofía Jurídica y Filosofía social
_c2014
300 _a229 P.
310 _aanual
650 _2IEDCYT
_xfilosofía del derecho
_xfilosofía
_xética
760 _aNueva Serie
942 _2cdu
945 _acd
_d2016-05-27
999 _c4309
_d234813